Dogs (Record no. 2504)

MARC details
000 -LEADER
fixed length control field 00806cam a22002894a 4500
005 - DATE AND TIME OF LATEST TRANSACTION
control field 20231213120346.0
020 ## - INTERNATIONAL STANDARD BOOK NUMBER
International Standard Book Number 9780736887847
040 ## - CATALOGING SOURCE
Original cataloging agency DLC
Transcribing agency DLC
Modifying agency DLC
Language of cataloging eng
050 00 - LIBRARY OF CONGRESS CALL NUMBER
Classification number SF426.5
082 00 - DEWEY DECIMAL CLASSIFICATION NUMBER
Classification number 636.7
100 1# - MAIN ENTRY--PERSONAL NAME
Personal name Frost, Helen
Dates associated with a name 1949-
245 10 - TITLE STATEMENT
Title Dogs
Statement of responsibility, etc. by Helen Frost
250 ## - EDITION STATEMENT
Edition statement Printed in the United States of America
260 ## - PUBLICATION, DISTRIBUTION, ETC.
Name of publisher, distributor, etc. Pebble Books
Date of publication, distribution, etc. 2001
300 ## - PHYSICAL DESCRIPTION
Extent 24 pages :
Other physical details color illustrations ;
Dimensions 19 cm
490 1# - SERIES STATEMENT
Series statement All about pets
505 ## - FORMATTED CONTENTS NOTE
Formatted contents note F <br/>
520 ## - SUMMARY, ETC.
Summary, etc. Simple text and photographs present the features and care of dogs.
521 ## - TARGET AUDIENCE NOTE
Target audience note 300 <br/>
Source Lexile <br/>
521 ## - TARGET AUDIENCE NOTE
Target audience note F <br/>
Source Raz-Plus <br/>
650 #0 - SUBJECT ADDED ENTRY--TOPICAL TERM
Topical term or geographic name entry element Dogs
Form subdivision Juvenile literature.
650 #1 - SUBJECT ADDED ENTRY--TOPICAL TERM
Topical term or geographic name entry element Dogs.
650 #1 - SUBJECT ADDED ENTRY--TOPICAL TERM
Topical term or geographic name entry element Pets.
906 ## - LOCAL DATA ELEMENT F, LDF (RLIN)
a 7
b cbc
c orignew
d 1
e ocip
f 20
g y-gencatlg
942 ## - ADDED ENTRY ELEMENTS (KOHA)
Source of classification or shelving scheme Dewey Decimal Classification
Koha item type Books
Suppress in OPAC No
999 ## -
-- 2504
-- 2504
Holdings
Withdrawn status Lost status Source of classification or shelving scheme Damaged status Not for loan Collection Home library Current library Shelving location Date acquired Total Checkouts Full call number Barcode Date last seen Date last checked out Price effective from Koha item type
    Dewey Decimal Classification     Non-Fiction Footprints International School Library Network Toul Kork Campus Footprints International School Library Network Toul Kork Campus   12/13/2023 3 FRO 636.7 SF426.5 FISTK03221 03/04/2024 02/26/2024 12/13/2023 Books